The Shock labyrinth extreme [

Parental guidance is advisable for children below 13 years old (PG13)

Bibliographic Details
Main Author: Takashi Shimizu
Format: Book
Published: s.l. : Asmik Ace Entertaiment , 20-
Subjects:

MARC

LEADER 00000cam a2200000 7i4500
001 0000166330
005 20121122.0
090 0 0 |a F   |b SHO 
100 0 |a Takashi Shimizu 
245 1 4 |a The Shock labyrinth extreme [  |h digital video disc]   |c Takashi Shimizu 
260 |a s.l. :   |b Asmik Ace Entertaiment ,   |c 20- 
300 |a 1 digital video disc (88 minutes) :   |b col 
500 |a Library has 4 copies 
520 0 |a Parental guidance is advisable for children below 13 years old (PG13) 
650 0 0 |a Movies, Japanese 
999 |a AV 30488   |b DIGITAL VIDEO DISC   |c PINJAMAN   |e PERPUSTAKAAN KOMUNITI PETALING JAYA 
999 |a AV 30489   |b DIGITAL VIDEO DISC   |c PINJAMAN   |e PERPUSTAKAAN KOMUNITI PETALING JAYA 
999 |a AV 30655   |b DIGITAL VIDEO DISC   |c PINJAMAN   |e PERPUSTAKAAN KOMUNITI PETALING JAYA 
999 |a AV 30656   |b DIGITAL VIDEO DISC   |c PINJAMAN   |e PERPUSTAKAAN KOMUNITI PETALING JAYA